[Event "Eschborn op 10th"]
[Site "Eschborn"]
[Date "2013.08.30"]
[Round "1"]
[White "Brahn, Helmut"]
[Black "Ninov, Nikolai"]
[Result "0-1"]
[WhiteElo "1481"]
[BlackElo "2427"]
[PlyCount "43"]
[EventDate "2013.08.30"]
[EventType "swiss"]
[EventRounds "5"]
[EventCountry "GER"]
[SourceTitle "EXT 2014"]
[Source "ChessBase"]
[SourceDate "2013.11.20"]
[SourceVersion "1"]
[SourceVersionDate "2013.11.20"]
[SourceQuality "1"]

1. c4 e5 2. d3 Nc6 3. Nf3 f5 4. a3 Nf6 5. Nc3 Be7 6. e3 d5 7. cxd5 Nxd5 8. Bd2 a5 9. Be2 Be6 10. Qb3 Qd7 11. Qc2 0-0 12. 0-0 Nb6 13. Na4 Nxa4 14. Qxa4 Nd4 15. Qxd7 Nxe2+ 16. Kh1 Bxd7 17. Rfe1 e4 18. dxe4 fxe4 19. Ne5 Rxf2 20. Nxd7 Rd8 21. Red1 Rxd7 22. Be1 0-1

[Event "Hessen-ch Seniors op 09th"]
[Site "Bad Sooden-Allendorf"]
[Date "2013.04.23"]
[Round "4"]
[White "Garbe, Eckhard"]
[Black "Brahn, Helmut"]
[Result "1/2-1/2"]
[WhiteElo "1706"]
[BlackElo "1784"]
[PlyCount "55"]
[EventDate "2013.04.20"]
[EventType "swiss"]
[EventRounds "9"]
[EventCountry "GER"]
[SourceTitle "EXT 2019"]
[Source "ChessBase"]
[SourceDate "2018.10.10"]
[SourceVersion "1"]
[SourceVersionDate "2018.10.10"]
[SourceQuality "1"]

1. d4 d5 2. Nf3 Nf6 3. e3 e6 4. c4 Nbd7 5. Nc3 a6 6. Bd3 Be7 7. 0-0 0-0 8. Qe2 Re8 9. Bd2 dxc4 10. Bxc4 b5 11. Bd3 Bb7 12. Rac1 Rc8 13. Rfe1 c5 14. dxc5 Nxc5 15. Bb1 b4 16. Nd1 Bc6 17. Nd4 Be4 18. Bxb4 Bxb1 19. Rxb1 e5 20. Nf3 Nd3 21. Bxe7 Rxe7 22. Rf1 e4 23. Nd4 Rec7 24. Nc3 Nxb2 25. Qxb2 Rxc3 26. Rfc1 Rxc1+ 27. Rxc1 Rxc1+ 28. Qxc1 1/2-1/2

[Event "Hessen-ch Seniors op 09th"]
[Site "Bad Sooden-Allendorf"]
[Date "2013.04.22"]
[Round "3"]
[White "Brahn, Helmut"]
[Black "Rollwitz, Juergen"]
[Result "0-1"]
[WhiteElo "1784"]
[BlackElo "1971"]
[PlyCount "112"]
[EventDate "2013.04.20"]
[EventType "swiss"]
[EventRounds "9"]
[EventCountry "GER"]
[SourceTitle "EXT 2019"]
[Source "ChessBase"]
[SourceDate "2018.10.10"]
[SourceVersion "1"]
[SourceVersionDate "2018.10.10"]
[SourceQuality "1"]

1. c4 d6 2. Nf3 e5 3. d3 Nc6 4. e3 Nf6 5. Nc3 Be6 6. Be2 Be7 7. 0-0 h6 8. Bd2 0-0 9. a3 d5 10. cxd5 Nxd5 11. Nxd5 Qxd5 12. Qc2 Rad8 13. Bc3 Bd6 14. Rac1 Bg4 15. h3 Bh5 16. Rfd1 Rde8 17. Nh4 Bxe2 18. Qxe2 Qe6 19. Nf3 e4 20. dxe4 Qxe4 21. Qd3 Qxd3 22. Rxd3 Rd8 23. Rcd1 Rfe8 24. g3 Be7 25. b4 Rxd3 26. Rxd3 Rd8 27. Rxd8+ Nxd8 28. Nd4 a6 29. Nf5 Bf8 30. Be5 Ne6 31. Kf1 g6 32. Nd4 c5 33. Nxe6 fxe6 34. bxc5 Bxc5 35. a4 b6 36. Ke2 Kf7 37. g4 Ke7 38. Kd3 Kd7 39. Bg7 h5 40. gxh5 gxh5 41. f4 Ke7 42. e4 Kf7 43. Bd4 Bxd4 44. Kxd4 Kf6 45. h4 e5+ 46. Ke3 exf4+ 47. Kxf4 b5 48. e5+ Ke6 49. axb5 axb5 50. Ke4 b4 51. Kd4 b3 52. Kc3 Kxe5 53. Kxb3 Kf4 54. Kc3 Kg4 55. Kd3 Kxh4 56. Ke3 Kg3 0-1

[Event "Karl Mala Memorial op 15th"]
[Site "Frankfurt"]
[Date "2012.07.05"]
[Round "1"]
[White "Brahn, Helmut"]
[Black "Werner, Dimo"]
[Result "1/2-1/2"]
[WhiteElo "1786"]
[BlackElo "2169"]
[PlyCount "78"]
[EventDate "2012.07.05"]
[EventType "swiss"]
[EventRounds "7"]
[EventCountry "GER"]
[SourceTitle "CBM 149 Extra"]
[Source "ChessBase"]
[SourceDate "2012.08.24"]
[SourceVersion "1"]
[SourceVersionDate "2012.08.24"]
[SourceQuality "1"]

1. c4 e5 2. d3 Nf6 3. Nf3 Nc6 4. e3 d5 5. cxd5 Nxd5 6. a3 Be7 7. Bd2 0-0 8. Nc3 Nb6 9. Be2 Be6 10. 0-0 f5 11. Rc1 Bf6 12. Qc2 Qd7 13. b4 a6 14. Rfd1 Qf7 15. Rb1 g5 16. a4 g4 17. Ne1 a5 18. bxa5 Nxa5 19. Nb5 Nc6 20. a5 Nd5 21. e4 Nde7 22. d4 Nxd4 23. Nxd4 exd4 24. exf5 Bxf5 25. Bc4 Bxc2 26. Bxf7+ Kxf7 27. Nxc2 b6 28. axb6 cxb6 29. Rxb6 Rfb8 30. Rxb8 Rxb8 31. Bf4 Rb2 32. Ne1 Nd5 33. Nd3 Rc2 34. Kf1 Nxf4 35. Nxf4 Ra2 36. g3 Be5 37. Ne2 Ra4 38. Kg2 Ke6 39. h3 gxh3+ 1/2-1/2

[Event "Hessen-ch Seniors op 08th"]
[Site "Bad Sooden-Allendorf"]
[Date "2012.04.21"]
[Round "8"]
[White "Rehder, Frank"]
[Black "Brahn, Helmut"]
[Result "1/2-1/2"]
[WhiteElo "1866"]
[BlackElo "1774"]
[PlyCount "48"]
[EventDate "2012.04.14"]
[EventType "swiss"]
[EventRounds "9"]
[EventCountry "GER"]
[SourceTitle "EXT 2019"]
[Source "ChessBase"]
[SourceDate "2018.10.10"]
[SourceVersion "1"]
[SourceVersionDate "2018.10.10"]
[SourceQuality "1"]

1. d4 d5 2. Nf3 Nf6 3. b3 e6 4. Bb2 Be7 5. e3 a6 6. Bd3 Nbd7 7. Nbd2 b5 8. c4 bxc4 9. bxc4 Bb7 10. c5 c6 11. 0-0 0-0 12. Qc2 h6 13. Nb3 a5 14. a4 Ba6 15. Bc3 Bxd3 16. Qxd3 Re8 17. Nfd2 Qc7 18. f4 Bd8 19. Qe2 Qa7 20. Qe1 Qa6 21. g3 Qd3 22. Nf3 Ng4 23. Nc1 Qxe3+ 24. Qxe3 Nxe3 1/2-1/2

[Event "Hessen-ch Seniors op 08th"]
[Site "Bad Sooden-Allendorf"]
[Date "2012.04.16"]
[Round "3"]
[White "Brahn, Helmut"]
[Black "Niebuhr, Gerd"]
[Result "0-1"]
[WhiteElo "1774"]
[BlackElo "2079"]
[PlyCount "106"]
[EventDate "2012.04.14"]
[EventType "swiss"]
[EventRounds "9"]
[EventCountry "GER"]
[SourceTitle "EXT 2019"]
[Source "ChessBase"]
[SourceDate "2018.10.10"]
[SourceVersion "1"]
[SourceVersionDate "2018.10.10"]
[SourceQuality "1"]

1. c4 Nf6 2. d4 g6 3. Nc3 d5 4. cxd5 Nxd5 5. e4 Nxc3 6. bxc3 Bg7 7. Nf3 0-0 8. h3 c5 9. Be3 Qa5 10. Qc2 Nc6 11. Rd1 Rd8 12. d5 Bxc3+ 13. Bd2 Bxd2+ 14. Qxd2 b6 15. Qxa5 Nxa5 16. Be2 Bb7 17. Nd2 e6 18. dxe6 fxe6 19. h4 Rd4 20. f3 Rad8 21. h5 Ra4 22. hxg6 hxg6 23. Ra1 c4 24. Bd1 Rb4 25. Rb1 Rxb1 26. Nxb1 Bc6 27. Nc3 b5 28. Ne2 e5 29. Bc2 Kg7 30. Rh4 Rh8 31. Rxh8 Kxh8 32. g3 Kg7 33. f4 Kf6 34. Kd2 Nb7 35. Ke3 Nc5 36. Ng1 a5 37. Nf3 Nd7 38. Nh2 b4 39. Ng4+ Ke6 40. f5+ gxf5 41. exf5+ Kd6 42. Nf2 a4 43. g4 b3 44. axb3 cxb3 45. Bd1 Nc5 46. g5 a3 47. g6 Ke7 48. g7 Bd5 49. Ng4 a2 50. f6+ Kf7 51. Nh6+ Kxf6 52. g8Q Bxg8 53. Nxg8+ Kg7 0-1

[Event "Eschborn op 08th"]
[Site "Eschborn"]
[Date "2011.05.15"]
[Round "4"]
[White "Brahn, Helmut"]
[Black "Sievers, Andy"]
[Result "1/2-1/2"]
[WhiteElo "1769"]
[BlackElo "2051"]
[PlyCount "68"]
[EventDate "2011.05.13"]
[EventType "swiss"]
[EventRounds "5"]
[EventCountry "GER"]
[SourceTitle "EXT 2014"]
[Source "ChessBase"]
[SourceDate "2013.11.20"]
[SourceVersion "1"]
[SourceVersionDate "2013.11.20"]
[SourceQuality "1"]

1. c4 Nf6 2. d4 c5 3. d5 e6 4. Nc3 exd5 5. cxd5 d6 6. e4 g6 7. Nf3 Bg7 8. h3 0-0 9. Bd3 Na6 10. a3 Nc7 11. 0-0 b5 12. Re1 c4 13. Bf1 Re8 14. Bf4 a5 15. Bxd6 Qxd6 16. e5 Qd7 17. d6 Ne6 18. exf6 Bf8 19. Ne5 Qxd6 20. Qxd6 Bxd6 21. Rad1 Bxe5 22. Rxe5 b4 23. axb4 axb4 24. Nd5 c3 25. bxc3 b3 26. Rb1 Rb8 27. Ne7+ Kf8 28. Bb5 Nc7 29. Rxb3 Bd7 30. c4 Rb6 31. Rc5 Nxb5 32. cxb5 Reb8 33. Nd5 Rxb5 34. Rcxb5 Rxb5 1/2-1/2

[Event "Eschborn op 08th"]
[Site "Eschborn"]
[Date "2011.05.14"]
[Round "2"]
[White "Stiller, Bjoern"]
[Black "Brahn, Helmut"]
[Result "0-1"]
[WhiteElo "1300"]
[BlackElo "1769"]
[PlyCount "68"]
[EventDate "2011.05.13"]
[EventType "swiss"]
[EventRounds "5"]
[EventCountry "GER"]
[SourceTitle "EXT 2014"]
[Source "ChessBase"]
[SourceDate "2013.11.20"]
[SourceVersion "1"]
[SourceVersionDate "2013.11.20"]
[SourceQuality "1"]

1. e4 c5 2. Nf3 d6 3. d4 cxd4 4. Nxd4 Nf6 5. f3 a6 6. Be3 e6 7. Nc3 Bd7 8. Be2 Be7 9. 0-0 0-0 10. Qd2 Nc6 11. Rad1 Qc7 12. f4 Rac8 13. g4 e5 14. Nf5 Bxf5 15. gxf5 b5 16. Kh1 Rfd8 17. Nd5 Qb7 18. Rg1 Nxe4 19. Qe1 Nf6 20. Qg3 g6 21. fxg6 fxg6 22. f5 Nxd5 23. fxg6 h6 24. Rxd5 Nd4 25. Bf3 Nxf3 26. Qxf3 Rf8 27. Qg2 Rxc2 28. Qxc2 Qxd5+ 29. Qg2 Qxg2+ 30. Rxg2 Kg7 31. Bf2 d5 32. h3 Rf6 33. Bg3 d4 34. b3 e4 0-1

[Event "Hessen-chB"]
[Site "Marburg"]
[Date "2006.04.13"]
[Round "5.29"]
[White "Brahn, Helmut"]
[Black "Baqui, Khalid"]
[Result "1/2-1/2"]
[WhiteElo "1886"]
[BlackElo "1243"]
[PlyCount "78"]
[EventDate "2006.04.13"]
[EventType "swiss"]
[EventRounds "7"]
[EventCountry "GER"]
[SourceTitle "EXT 2007"]
[Source "ChessBase"]
[SourceDate "2006.11.23"]
[SourceVersion "1"]
[SourceVersionDate "2006.11.23"]
[SourceQuality "1"]

1. c4 d6 2. h3 e5 3. e4 Be6 4. Nf3 Nf6 5. Nc3 Be7 6. d4 exd4 7. Nxd4 0-0 8. Nxe6 fxe6 9. Bd3 e5 10. 0-0 Nc6 11. a3 Nd7 12. Be3 Bg5 13. Qd2 Bxe3 14. Qxe3 Nc5 15. Rad1 Nxd3 16. Qxd3 Qg5 17. Qd2 Qg6 18. Qd5+ Kh8 19. Ne2 Qh5 20. Qd3 Rf6 21. Ng3 Qf7 22. Nf5 g6 23. Nh6 Qg7 24. Qe3 Nd4 25. Ng4 Rf7 26. f4 Raf8 27. fxe5 Rxf1+ 28. Rxf1 Rxf1+ 29. Kxf1 dxe5 30. Qf2 h5 31. Nh2 Kh7 32. Nf3 Nxf3 33. gxf3 b6 34. c5 Qd7 35. Kg2 g5 36. cxb6 cxb6 37. Qg3 Qd2+ 38. Qf2 Qf4 39. Qg3 Qd2+ 1/2-1/2

[Event "Hessen-chB"]
[Site "Marburg"]
[Date "2006.04.13"]
[Round "3.28"]
[White "Brahn, Helmut"]
[Black "Siegismund, Florian"]
[Result "1/2-1/2"]
[WhiteElo "1886"]
[BlackElo "1476"]
[PlyCount "79"]
[EventDate "2006.04.13"]
[EventType "swiss"]
[EventRounds "7"]
[EventCountry "GER"]
[SourceTitle "EXT 2007"]
[Source "ChessBase"]
[SourceDate "2006.11.23"]
[SourceVersion "1"]
[SourceVersionDate "2006.11.23"]
[SourceQuality "1"]

1. c4 c5 2. Nf3 Nc6 3. d4 cxd4 4. Nxd4 Nf6 5. Nxc6 bxc6 6. Nd2 g6 7. Nf3 Bg7 8. e3 0-0 9. Bd3 Rb8 10. Rb1 d6 11. h3 Be6 12. 0-0 c5 13. b3 Qd7 14. Re1 Rb7 15. Bb2 Rfb8 16. Ng5 a5 17. Nxe6 Qxe6 18. Qc2 Nd7 19. Bxg7 Kxg7 20. Qc3+ Qf6 21. Qxa5 Ne5 22. Be2 Nc6 23. Qd2 Nb4 24. Qb2 Ra7 25. Qxf6+ Kxf6 26. a4 Rab7 27. Rb2 Nc6 28. Bf3 Rb6 29. Bxc6 Rxc6 30. f4 Rcb6 31. Reb1 Kf5 32. Kf2 Ke4 33. Ke2 R6b7 34. g4 h5 35. g5 Rb4 36. h4 R4b6 37. a5 Rb4 38. a6 Ra8 39. Ra2 Rb6 40. a7 1/2-1/2

[Event "Bad Zwesten op 8th"]
[Site "Bad Zwesten"]
[Date "2004.01.05"]
[Round "5"]
[White "Brahn, Helmut"]
[Black "Schwoebel, Ann Kathrin"]
[Result "1-0"]
[WhiteElo "1561"]
[BlackElo "1115"]
[PlyCount "77"]
[EventDate "2004.01.??"]
[EventType "swiss"]
[EventRounds "9"]
[EventCountry "GER"]
[SourceTitle "CBM 098 Extra"]
[Source "ChessBase"]
[SourceDate "2004.03.10"]
[SourceVersion "2"]
[SourceVersionDate "2004.03.10"]
[SourceQuality "1"]

1. c4 e5 2. e4 Nc6 3. d3 Bc5 4. Nf3 Nf6 5. h3 0-0 6. Be2 d6 7. 0-0 Ne7 8. a3 c6 9. Nc3 Ng6 10. d4 exd4 11. Nxd4 Re8 12. Bg5 h6 13. Bxf6 Qxf6 14. Nf3 Ne5 15. Nxe5 dxe5 16. Bf3 Be6 17. Qe2 Rad8 18. Rfd1 Qg6 19. Bg4 Bxg4 20. Qxg4 Qf6 21. Qf5 Qxf5 22. exf5 Bd4 23. Rab1 e4 24. Ne2 Bc5 25. b4 Bb6 26. c5 Bc7 27. Kf1 e3 28. Rxd8 Bxd8 29. Rd1 exf2 30. Kxf2 Bf6 31. Rd7 b6 32. cxb6 axb6 33. Rc7 Re5 34. g4 c5 35. bxc5 bxc5 36. a4 Be7 37. a5 Bd8 38. Rc8 Rd5 39. a6 1-0

[Event "Baunatal op 8th"]
[Site "Baunatal"]
[Date "2002.08.11"]
[Round "5"]
[White "Brahn, Helmut"]
[Black "Plietz, Burckhard"]
[Result "1-0"]
[WhiteElo "1631"]
[BlackElo "1326"]
[PlyCount "93"]
[EventDate "2002.08.09"]
[EventType "swiss"]
[EventRounds "7"]
[EventCountry "GER"]
[SourceTitle "EXT 2003"]
[Source "ChessBase"]
[SourceDate "2002.11.25"]
[SourceVersion "1"]
[SourceVersionDate "2002.11.25"]
[SourceQuality "1"]

1. c4 c5 2. Nf3 Nf6 3. Nc3 e6 4. d4 cxd4 5. Nxd4 a6 6. a3 Be7 7. e4 Nc6 8. Be2 d6 9. 0-0 Nxd4 10. Qxd4 Qc7 11. Be3 e5 12. Qd3 h6 13. Rac1 Bd7 14. Rfd1 Bc6 15. h3 Rd8 16. Nd5 Bxd5 17. cxd5 Qb8 18. Rc3 0-0 19. Rdc1 Rc8 20. Bf3 Nd7 21. Bg4 Rxc3 22. Rxc3 Nf6 23. Bf5 g6 24. Bxh6 gxf5 25. Qg3+ Ng4 26. exf5 Kh7 27. Bxf8 Bxf8 28. Qxg4 Bh6 29. f6 Qg8 30. Qxg8+ Kxg8 31. Rc7 Bg5 32. Rxb7 Bxf6 33. f3 Bg5 34. Kf1 f5 35. a4 Bd2 36. b3 a5 37. Rd7 Bb4 38. Ke2 f4 39. Kd3 Kf8 40. h4 Ke8 41. Rb7 Be1 42. h5 Bh4 43. Ke4 Kf8 44. Kf5 Kg8 45. Kg6 Kf8 46. h6 e4 47. h7 1-0

[Event "Baunatal op 8th"]
[Site "Baunatal"]
[Date "2002.08.11"]
[Round "6"]
[White "Pfaff, Volker"]
[Black "Brahn, Helmut"]
[Result "1-0"]
[WhiteElo "1817"]
[BlackElo "1631"]
[PlyCount "127"]
[EventDate "2002.08.09"]
[EventType "swiss"]
[EventRounds "7"]
[EventCountry "GER"]
[SourceTitle "EXT 2003"]
[Source "ChessBase"]
[SourceDate "2002.11.25"]
[SourceVersion "1"]
[SourceVersionDate "2002.11.25"]
[SourceQuality "1"]

1. d4 d5 2. Nf3 Nf6 3. c4 dxc4 4. Nc3 a6 5. e4 e6 6. Bxc4 b5 7. Bd3 Bb7 8. a3 Nbd7 9. Bg5 Be7 10. Rc1 0-0 11. 0-0 Rc8 12. b4 h6 13. Bf4 c6 14. Qe2 Re8 15. e5 Nd5 16. Qe4 Nf8 17. Nxd5 cxd5 18. Qe3 Rxc1 19. Rxc1 Ng6 20. Rc2 Nxf4 21. Qxf4 Bg5 22. Nxg5 Qxg5 23. g3 Qxf4 24. gxf4 Rc8 25. f5 Rxc2 26. Bxc2 Kf8 27. Kg2 Ke7 28. Kg3 Bc8 29. fxe6 Bxe6 30. a4 f6 31. axb5 axb5 32. Bd3 Bd7 33. Kf4 g5+ 34. Ke3 fxe5 35. dxe5 Ke6 36. Kd4 h5 37. Bg6 h4 38. Bh5 Kf5 39. Kxd5 Be6+ 40. Kd4 Kf4 41. Be2 g4 42. Kc5 Kxe5 43. Kxb5 Kf4 44. Kc6 Bf5 45. b5 Be4+ 46. Kc7 Bd5 47. b6 Be4 48. Bb5 Kf3 49. Bc6 Bxc6 50. Kxc6 Kxf2 51. b7 g3 52. hxg3 hxg3 53. b8Q g2 54. Qf4+ Ke1 55. Qg3+ Kf1 56. Qf3+ Kg1 57. Kd5 Kh2 58. Qf2 Kh1 59. Qh4+ Kg1 60. Ke4 Kf1 61. Qh3 Kf2 62. Qh2 Kf1 63. Kf3 g1Q 64. Qe2# 1-0

[Event "Baunatal op 8th"]
[Site "Baunatal"]
[Date "2002.08.10"]
[Round "3"]
[White "Brahn, Helmut"]
[Black "Dilcher, Hans Guenther"]
[Result "1-0"]
[WhiteElo "1631"]
[BlackElo "1339"]
[PlyCount "89"]
[EventDate "2002.08.09"]
[EventType "swiss"]
[EventRounds "7"]
[EventCountry "GER"]
[SourceTitle "EXT 2003"]
[Source "ChessBase"]
[SourceDate "2002.11.25"]
[SourceVersion "1"]
[SourceVersionDate "2002.11.25"]
[SourceQuality "1"]

1. c4 Nf6 2. d4 d6 3. h3 g6 4. Nc3 Bg7 5. e4 0-0 6. Nf3 Nc6 7. Be2 e5 8. d5 Ne7 9. 0-0 Nd7 10. Re1 f5 11. Ng5 Nf6 12. exf5 Nxf5 13. Be3 Nxe3 14. fxe3 Bh6 15. h4 Bxg5 16. hxg5 Ne8 17. Ne4 Bf5 18. Bd3 Bxe4 19. Bxe4 Qxg5 20. Bf3 Ng7 21. e4 Rf6 22. Qe2 Raf8 23. Qe3 Qf4 24. Qxf4 Rxf4 25. Rf1 Nh5 26. Bxh5 Rxf1+ 27. Rxf1 Rxf1+ 28. Kxf1 gxh5 29. Kf2 Kg7 30. Kg3 h4+ 31. Kxh4 Kg6 32. b4 Kh6 33. a4 Kg6 34. g4 Kh6 35. a5 Kg6 36. b5 Kh6 37. g5+ Kg6 38. Kg4 h6 39. gxh6 Kxh6 40. Kf5 Kh5 41. Ke6 Kg5 42. Kd7 Kf4 43. Kxc7 Kxe4 44. Kxd6 Kd4 45. Kc7 1-0